• 首页
  • 本馆介绍
  • 公告通知
  • 最新文献
  • 馆藏检索
  • 电子资源
  • 读者导购
  • 参考咨询
  • 我的图书馆
  • 登录
  • 详细信息显示
  • 放入我的书架
  • 预约/预借图书
  • 作者相关作品
  • 分类相关作品
  • 丛书相关作品
  • 出版社相关作品

书目信息

  • 表格格式
  • 工作单格式
  • 卡片格式
题名:
风景钢笔画技法指南与实例详解
    
 
作者: 王林 著
分册:  
出版信息: 北京   机械工业出版社  2021.3
页数: 184页
开本: 26cm
丛书名:
单 册:
中图分类: TU204.111
科图分类:
主题词: 建筑画--风景画--钢笔画--绘画技法
电子资源:
ISBN: 978-7-111-67476-4
000 00914nam0 2200241 45
001 012001000643
005 20130911163825.0
010    @a978-7-111-67476-4@dCNY49.00
100    @a20210603d2021 em y0chiy50 ea
101 0  @achi
102    @aCN@b110000
105    @aa z 000yy
106    @ar
200 1  @a风景钢笔画技法指南与实例详解@Afeng jing gang bi hua ji fa zhi nan yu shi li xiang jie@b专著@f王林著
210    @a北京@c机械工业出版社@d2021.3
215    @a184页@c图@d26cm
300    @a超越设计课
330    @a本书从风景钢笔画的基础知识到各风景元素的技法指南再到小品和整个景观的实例步骤,紧密贴合实战技法,逐步带领大家学习钢笔画的表现技法。内容包括植物、景观情景人物、庭院、园林微景观、建筑风景的表现技法指南与实例步骤。
606 0  @a建筑画@x风景画@x钢笔画@x绘画技法
690    @aTU204.111@v5
701  0 @a王林@Awang lin@4著
801  0 @aCN@bBJSDL@c20211011
905    @b1335611-4@dTU204.111@e1939@f4
    
    风景钢笔画技法指南与实例详解/王林著.-北京:机械工业出版社,2021.3
    184页:图;26cm
    超越设计课
    
    ISBN 978-7-111-67476-4:CNY49.00
    本书从风景钢笔画的基础知识到各风景元素的技法指南再到小品和整个景观的实例步骤,紧密贴合实战技法,逐步带领大家学习钢笔画的表现技法。内容包括植物、景观情景人物、庭院、园林微景观、建筑风景的表现技法指南与实例步骤。
●
相关链接 在E读中查询图书 在五车中查询图书 在当当中查询图书 在豆瓣中查询图书


正题名:风景钢笔画技法指南与实例详解     索取号:TU204.111/1939         预约/预借

序号 登录号 条形码 馆藏地/架位号 状态 备注
1 1335611   213356116   第二样本阅览室/ [索取号:TU204.111/1939] 在馆    
2 1335612   213356125   第三借阅区/ [索取号:TU204.111/1939] 在馆    
3 1335613   213356134   第三借阅区/ [索取号:TU204.111/1939] 在馆    
4 1335614   213356143   第三借阅区/ [索取号:TU204.111/1939] 在馆    
唐山师范学院图书馆 欢迎您!
大连网信软件有限公司© 版权所有